Signori bambini /

সংরক্ষণ করুন:
গ্রন্থ-পঞ্জীর বিবরন
প্রধান লেখক: Pennac, Daniel (লেখক)
অন্যান্য লেখক: Melaouah, Yasmina
বিন্যাস: গ্রন্থ
ভাষা:ইতালিয়
প্রকাশিত: Milano : Feltrinelli, 2000
মালা:Universale economica ; 1574
ট্যাগগুলো: ট্যাগ যুক্ত করুন
কোনো ট্যাগ নেই, প্রথমজন হিসাবে ট্যাগ করুন!

MARC

LEADER 00000nam a2200000 i 4500
001 IT\ICCU\TO0\0811162
003 ItRI
005 20260115231858.0
008 000201s2000 it |||||| ||||| |||||c
015 |2 IT  |a 2001-1891 
020 |a 8807815745 
020 |a 9788807815744 (13. ed. 2007) 
040 |b ita  |c importazione bologna sebina 
041 7 |a ita  |2 ISO-639-2 
082 |a 843.914  |9 NARRATIVA FRANCESE, 1945-1999  |2 21 
100 1 |a Pennac, Daniel  |0 IT\ICCU\CFIV\111707  |4 aut 
240 1 0 |a Messieurs les enfants.  |3 IT\ICCU\TO0\0605205  |9 Pennac, Daniel 
245 1 0 |a Signori bambini /  |c Daniel Pennac ; traduzione di Yasmina Mélaouah. 
260 |a Milano :  |b Feltrinelli,  |c 2000 
300 |a 188 p. ;  |c 20 cm. 
700 1 |a Melaouah, Yasmina  |0 IT\ICCU\CFIV\109986 
790 1 |a Nacray, J.-B.  |c  (pseud. collettivo)  |3 IT\ICCU\RAVV\106611  |z Pennac, Daniel 
790 1 |a Pennacchioni, Daniel  |3 IT\ICCU\CFIV\323866  |z Pennac, Daniel 
830 0 |a Universale economica ;  |v 1574  |0 IT\ICCU\CFI\0001103 
942 |2 ddc  |c BK  |n 0 
952 |0 0  |1 0  |4 0  |6 DOC_843_914000000000000_PEN  |7 0  |9 15120  |a BO  |b BO  |d 2026-01-15  |i 5662  |l 0  |o DOC 843.914 PEN  |p BO5662  |r 2026-01-15 23:18:58  |w 2026-01-15  |x [Sebina 5] [1 v.]  |y BK  |z 1 v. 
999 |c 13009  |d 13009